The history of French colonial policy, 1870-1925, (Record no. 43582)
[ view plain ]
| 000 -LEADER | |
|---|---|
| fixed length control field | 02701cam a2200577I 4500 |
| 001 - CONTROL NUMBER | |
| control field | ocm00653675 |
| 003 - CONTROL NUMBER IDENTIFIER | |
| control field | OCoLC |
| 005 - DATE AND TIME OF LATEST TRANSACTION | |
| control field | 20230503133112.0 |
| 008 - FIXED-LENGTH DATA ELEMENTS--GENERAL INFORMATION | |
| fixed length control field | 730710s1963 enkabd b 000 0 eng d |
| 010 ## - LIBRARY OF CONGRESS CONTROL NUMBER | |
| LC control number | nuc64058624 |
| 015 ## - NATIONAL BIBLIOGRAPHY NUMBER | |
| National bibliography number | GB6313964 |
| Source | bnb |
| 016 7# - NATIONAL BIBLIOGRAPHIC AGENCY CONTROL NUMBER | |
| Record control number | 007004445 |
| Source | Uk |
| 029 1# - OTHER SYSTEM CONTROL NUMBER (OCLC) | |
| OCLC library identifier | AU@ |
| System control number | 000002540598 |
| 029 1# - OTHER SYSTEM CONTROL NUMBER (OCLC) | |
| OCLC library identifier | DEBSZ |
| System control number | 040644774 |
| 029 1# - OTHER SYSTEM CONTROL NUMBER (OCLC) | |
| OCLC library identifier | NZ1 |
| System control number | 3471678 |
| 029 1# - OTHER SYSTEM CONTROL NUMBER (OCLC) | |
| OCLC library identifier | NZ1 |
| System control number | 907077 |
| 029 1# - OTHER SYSTEM CONTROL NUMBER (OCLC) | |
| OCLC library identifier | UKDEL |
| System control number | 044493959 |
| 029 1# - OTHER SYSTEM CONTROL NUMBER (OCLC) | |
| OCLC library identifier | UNITY |
| System control number | 044493959 |
| 029 1# - OTHER SYSTEM CONTROL NUMBER (OCLC) | |
| OCLC library identifier | ZWZ |
| System control number | 015479811 |
| 029 1# - OTHER SYSTEM CONTROL NUMBER (OCLC) | |
| OCLC library identifier | NLNZL |
| System control number | 999070773502836 |
| 029 1# - OTHER SYSTEM CONTROL NUMBER (OCLC) | |
| OCLC library identifier | NLC |
| System control number | 000002667371 |
| 029 1# - OTHER SYSTEM CONTROL NUMBER (OCLC) | |
| OCLC library identifier | UKMGB |
| System control number | 007004445 |
| 035 ## - SYSTEM CONTROL NUMBER | |
| System control number | (OCoLC)653675 |
| Canceled/invalid control number | (OCoLC)977345471 |
| 040 ## - CATALOGING SOURCE | |
| Original cataloging agency | XAV |
| Language of cataloging | eng |
| Transcribing agency | XAV |
| Modifying agency | NIU |
| -- | UKM |
| -- | OCL |
| -- | OCLCQ |
| -- | OCLCG |
| -- | AU@ |
| -- | OCLCQ |
| -- | ZWZ |
| -- | OCLCA |
| -- | OCLCQ |
| -- | OCLCO |
| -- | EZN |
| -- | OCLCF |
| -- | OCLCQ |
| -- | OCL |
| -- | OCLCQ |
| -- | CNUTO |
| -- | DHA |
| -- | NLC |
| -- | OCLCQ |
| -- | QE2 |
| -- | UKMGB |
| -- | IL4J6 |
| -- | OCLCO |
| 043 ## - GEOGRAPHIC AREA CODE | |
| Geographic area code | e-fr--- |
| 045 ## - TIME PERIOD OF CONTENT | |
| Time period code | w7x2 |
| 050 #4 - LIBRARY OF CONGRESS CALL NUMBER | |
| Classification number | JV1811 |
| Item number | R54 |
| 055 #3 - CLASSIFICATION NUMBERS ASSIGNED IN CANADA | |
| Classification number | JV1811.R6 1963 |
| 082 04 - DEWEY DECIMAL CLASSIFICATION NUMBER | |
| Classification number | 325.3/44 |
| Edition number | 19 |
| 084 ## - OTHER CLASSIFICATION NUMBER | |
| Classification number | 325.344 |
| 100 1# - MAIN ENTRY--PERSONAL NAME | |
| Personal name | Roberts, Stephen H. |
| Fuller form of name | (Stephen Henry), |
| Dates associated with a name | 1901-1971. |
| 9 (RLIN) | 18176 |
| 245 14 - TITLE STATEMENT | |
| Title | The history of French colonial policy, 1870-1925, |
| Statement of responsibility, etc. | by Stephen H. Roberts. |
| 260 ## - PUBLICATION, DISTRIBUTION, ETC. | |
| Place of publication, distribution, etc. | [London] |
| Name of publisher, distributor, etc. | F. Cass, |
| Date of publication, distribution, etc. | 1963 [�1929] |
| 300 ## - PHYSICAL DESCRIPTION | |
| Extent | 741 pages |
| Other physical details | illustrations, charts, maps (some folded) tables |
| Dimensions | 23 cm |
| 336 ## - CONTENT TYPE | |
| Content type term | text |
| Content type code | txt |
| Source | rdacontent |
| 337 ## - MEDIA TYPE | |
| Media type term | unmediated |
| Media type code | n |
| Source | rdamedia |
| 338 ## - CARRIER TYPE | |
| Carrier type term | volume |
| Carrier type code | nc |
| Source | rdacarrier |
| 504 ## - BIBLIOGRAPHY, ETC. NOTE | |
| Bibliography, etc. note | Includes bibliographical references (pages 685-736). |
| 505 1# - FORMATTED CONTENTS NOTE | |
| Formatted contents note | Part One: French Colonial Policy in theory -- 1. General Colonial Policy -- 2. General Economic Policy -- 3. General Political Policy -- 4. General Native Policy -- 5. The central organization -- Part Two: French Colonial theory in practice -- 6. Algeria -- 7. Tunisia -- 8. French West Africa -- 9. French Equatorial Africa (The Congo) -- 10. Madagascar -- 11. Indo-China -- 12. The Anciennes Colonies -- 13. France in the Pacific (Transportation) -- 14. Morocco -- 15. Syria -- 16. The French Empire since 1914 -- 17. A comparative study. |
| 583 ## - ACTION NOTE | |
| Action | commitment to retain |
| Time/date of action | 20151204 |
| Source of term | pda |
| Institution to which field applies | OTUTLD |
| 650 #7 - SUBJECT ADDED ENTRY--TOPICAL TERM | |
| Topical term or geographic name entry element | French colonies. |
| Source of heading or term | fast |
| Authority record control number or standard number | (OCoLC)fst01930852 |
| 9 (RLIN) | 13488 |
| 651 #0 - SUBJECT ADDED ENTRY--GEOGRAPHIC NAME | |
| Geographic name | France |
| General subdivision | Colonies. |
| 9 (RLIN) | 18178 |
| 651 #6 - SUBJECT ADDED ENTRY--GEOGRAPHIC NAME | |
| Geographic name | France |
| General subdivision | Colonies. |
| 9 (RLIN) | 18178 |
| 651 #7 - SUBJECT ADDED ENTRY--GEOGRAPHIC NAME | |
| Geographic name | France |
| General subdivision | Politics and government |
| Chronological subdivision | 1870-1940. |
| Source of heading or term | nli |
| 9 (RLIN) | 18180 |
| 651 #7 - SUBJECT ADDED ENTRY--GEOGRAPHIC NAME | |
| Geographic name | France |
| General subdivision | Colonies |
| -- | History. |
| Source of heading or term | nli |
| 9 (RLIN) | 18182 |
| 651 #7 - SUBJECT ADDED ENTRY--GEOGRAPHIC NAME | |
| Geographic name | France |
| General subdivision | Colonies. |
| Source of heading or term | ram |
| 9 (RLIN) | 18178 |
| 740 0# - ADDED ENTRY--UNCONTROLLED RELATED/ANALYTICAL TITLE | |
| Uncontrolled related/analytical title | French colonial policy, 1870-1925. |
| 776 08 - ADDITIONAL PHYSICAL FORM ENTRY | |
| Relationship information | Online version: |
| Main entry heading | Roberts, Stephen Henry, Sir, 1901- |
| Title | History of French colonial policy, 1870-1925. |
| Place, publisher, and date of publication | [London] F. Cass, 1963 [�1929] |
| Record control number | (OCoLC)555234397 |
| 942 ## - ADDED ENTRY ELEMENTS (KOHA) | |
| Source of classification or shelving scheme | Library of Congress Classification |
| Koha item type | Books |
| 948 ## - LOCAL PROCESSING INFORMATION (OCLC); SERIES PART DESIGNATOR (RLIN) | |
| h (OCLC) | NO HOLDINGS IN GHUCC - 265 OTHER HOLDINGS |
No items available.